| 000 -LEADER |
| fixed length control field |
01105nam a2200277Ia 4500 |
| 001 - CONTROL NUMBER |
| control field |
20817 |
| 003 - CONTROL NUMBER IDENTIFIER |
| control field |
GE_BSU |
| 005 - DATE AND TIME OF LATEST TRANSACTION |
| control field |
20210420181116.0 |
| 008 - FIXED-LENGTH DATA ELEMENTS--GENERAL INFORMATION |
| fixed length control field |
181216s ||||ru |||||||||||||| ||rus|| |
| 020 ## - INTERNATIONAL STANDARD BOOK NUMBER |
| International Standard Book Number |
9785947747584(Ч.2) |
| 040 ## - CATALOGING SOURCE |
| Transcribing agency |
GE_BSU |
| 041 ## - LANGUAGE CODE |
| Language code of text/sound track or separate title |
rus |
| 080 ## - UNIVERSAL DECIMAL CLASSIFICATION NUMBER |
| Universal Decimal Classification number |
547(075.8) О-64 |
| 245 ## - TITLE STATEMENT |
| Title |
Органическая химия : Задачи по общему курсу в 2ч, ч.2 : |
| Remainder of title |
Учебник для высшей школы / |
| Statement of responsibility, etc. |
М.В. Ливанцов, Г.С. Зайцева, Л.И. Ливанцова ; Под ред. : Н. С. Зефирова. |
| 264 ## - PRODUCTION, PUBLICATION, DISTRIBUTION, MANUFACTURE, AND COPYRIGHT NOTICE |
| Place of production, publication, distribution, manufacture |
Москва : |
| Name of producer, publisher, distributor, manufacturer |
Бином, |
| Date of production, publication, distribution, manufacture, or copyright notice |
2017. |
| 300 ## - PHYSICAL DESCRIPTION |
| Extent |
713 стр. : |
| Other physical details |
ил. ; |
| Dimensions |
23 см. |
| 653 ## - INDEX TERM--UNCONTROLLED |
| keyword |
Органическая химия |
| 653 ## - INDEX TERM--UNCONTROLLED |
| keyword |
ორგანული ქიმია |
| 653 ## - INDEX TERM--UNCONTROLLED |
| keyword |
ქიმია |
| 700 ## - ADDED ENTRY--PERSONAL NAME |
| Personal name |
Ливанцов, М.В. |
| Relator term |
Автор |
| 9 (RLIN) |
11469 |
| 700 ## - ADDED ENTRY--PERSONAL NAME |
| Personal name |
Зайцева, Г.С. |
| Relator term |
Автор |
| 9 (RLIN) |
11470 |
| 700 ## - ADDED ENTRY--PERSONAL NAME |
| Personal name |
Ливанцова, Л.И. |
| Relator term |
Автор |
| 9 (RLIN) |
11471 |
| 700 ## - ADDED ENTRY--PERSONAL NAME |
| Personal name |
Зефирова, Н.С |
| Relator term |
Автор |
| 9 (RLIN) |
11472 |
| 942 ## - ADDED ENTRY ELEMENTS (KOHA) |
| Koha item type |
წიგნი |
| Source of classification or shelving scheme |
|